000 00609cam a22001932 4500
001 0000013302
005 20151217155856.0
008 090901s xx 000 0 eng d
040 _aKABU
_cKABU
110 2 _aKenya.
_@0000150215
245 1 0 _aBudget speech for the fiscal year 2001/2002 (1st July-30thJune) /
_cChrysanthus B. Okemo, Minister for Finance.
250 _a1st ed.
260 _aNairobi :
_bGovt. Printer,
_c2001.
300 _a42 p.
700 1 _aOkemo, Chrysanthus B.
_@0000170501
852 1 _9p150 KES
908 _a090901
950 _@1
999 _c13628
_d13628